[Event "Titled Tuesday intern op 06th Feb Early"]
[Site "Chess.com INT"]
[Date "2024.02.06"]
[Round "6"]
[White "Novak, Ratko"]
[Black "Bekkedahl, Zachary"]
[Result "1-0"]
[WhiteElo "2037"]
[BlackElo "1969"]
[PlyCount "109"]
[EventDate "2024.02.06"]
[EventType "swiss (blitz)"]
[EventRounds "11"]
[EventCountry "USA"]
[SourceTitle "CB07_2024"]
[SourceDate "2024.02.14"]
[SourceVersion "1"]
[SourceVersionDate "2024.02.14"]
[SourceQuality "1"]

1. d4 Nf6 2. c4 g6 3. Nc3 Bg7 4. e4 0-0 5. f3 d6 6. Be3 c5 7. dxc5 dxc5 8. Qxd8 Rxd8 9. Bxc5 Nc6 10. Nd5 Bd7 11. Nxe7+ Nxe7 12. Bxe7 Re8 13. Ba3 Rac8 14. Be2 Nh5 15. 0-0-0 Ba4 16. b3 Bc6 17. Bb2 Bh6+ 18. Kb1 Nf4 19. g3 Ne6 20. Bd3 Red8 21. Ne2 Ng5 22. Rhf1 Rd7 23. h4 Ne6 24. Bc2 Rcd8 25. Rxd7 Rxd7 26. Rd1 Rxd1+ 27. Bxd1 Be3 28. Bc2 g5 29. hxg5 Nxg5 30. Bd4 Bd2 31. f4 Nxe4 32. Bxa7 h5 33. a3 Be1 34. Nd4 Bxg3 35. Nxc6 bxc6 36. Bxe4 h4 37. Bxc6 h3 38. Be3 f5 39. a4 Be1 40. Kc2 Kf7 41. Bd2 Bf2 42. b4 Ke6 43. Bf3 Kd6 44. Kd3 h2 45. c5+ Kc7 46. Be3 Bg3 47. b5 Be1 48. Kc4 Ba5 49. Kd5 Bc3 50. Ke6 Bg7 51. Kxf5 Bb2 52. Ke6 Bc3 53. f5 Bb2 54. Bf4+ Kd8 55. Bxh2 1-0

[Event "Titled Tuesday intern op 06th Feb Early"]
[Site "Chess.com INT"]
[Date "2024.02.06"]
[Round "4"]
[White "Vargas, Mauricio"]
[Black "Bekkedahl, Zachary"]
[Result "1-0"]
[WhiteElo "1957"]
[BlackElo "1969"]
[PlyCount "117"]
[EventDate "2024.02.06"]
[EventType "swiss (blitz)"]
[EventRounds "11"]
[EventCountry "USA"]
[SourceTitle "CB07_2024"]
[SourceDate "2024.02.14"]
[SourceVersion "1"]
[SourceVersionDate "2024.02.14"]
[SourceQuality "1"]

1. e4 c5 2. Nc3 g6 3. f4 a6 4. Nf3 b5 5. d3 Bb7 6. Nd5 e6 7. Ne3 Bg7 8. c3 Ne7 9. g4 0-0 10. Bg2 d5 11. e5 Nbc6 12. 0-0 d4 13. Nc2 dxc3 14. bxc3 Nd5 15. Qe1 b4 16. c4 Nc3 17. Qd2 a5 18. Bb2 Na4 19. Ne3 Nb6 20. Qf2 a4 21. Rad1 a3 22. Ba1 Na4 23. f5 exf5 24. gxf5 Nd4 25. f6 Bh6 26. Ng4 Nxf3+ 27. Bxf3 Bg5 28. Bxb7 h5 29. Ne3 Rb8 30. Be4 Nb2 31. Bxb2 axb2 32. Rb1 Qd4 33. Rfe1 Rbe8 34. Kf1 Qxe5 35. Rxb2 Bxf6 36. Rd2 Qg5 37. Nd5 Bd4 38. Qg2 Re5 39. Qxg5 Rxg5 40. Rg2 Re5 41. Nf6+ Kg7 42. Nd5 Ra8 43. Bf3 Ra3 44. Rxe5 Bxe5 45. Be4 Rc3 46. Nxc3 bxc3 47. Rc2 f5 48. Bd5 Kf6 49. Kg2 g5 50. a4 Bc7 51. Rxc3 f4 52. Ra3 g4 53. a5 f3+ 54. Bxf3 h4 55. Bxg4 Bb8 56. Bf3 Ba7 57. a6 Ke5 58. Be4 Kd4 59. Kh3 1-0

[Event "Titled Tuesday intern op 16th Jan Early"]
[Site "Chess.com INT"]
[Date "2024.01.16"]
[Round "2"]
[White "Danielyan, Vahe"]
[Black "Bekkedahl, Zachary"]
[Result "1-0"]
[WhiteElo "2325"]
[BlackElo "1969"]
[PlyCount "61"]
[EventDate "2024.01.16"]
[EventType "swiss (blitz)"]
[EventRounds "11"]
[EventCountry "USA"]
[SourceTitle "CB04_2024"]
[SourceDate "2023.10.16"]
[SourceVersion "1"]
[SourceVersionDate "2023.10.16"]
[SourceQuality "1"]

1. Nf3 Nf6 2. g3 g6 3. Bg2 Bg7 4. 0-0 0-0 5. d4 d6 6. b3 c6 7. Bb2 Nbd7 8. Re1 Rb8 9. e4 c5 10. e5 dxe5 11. dxe5 Ne8 12. Nbd2 Nc7 13. Qe2 Ne6 14. Rad1 Qc7 15. h4 b6 16. Ng5 Bb7 17. Nxe6 fxe6 18. f4 Bxg2 19. Qxg2 b5 20. Ne4 h6 21. h5 gxh5 22. Qh3 Rb6 23. Qxh5 c4 24. Bd4 Rc6 25. Qg6 cxb3 26. cxb3 Rc2 27. Qxe6+ Kh8 28. Qxe7 Qc6 29. e6 Nf6 30. Bxf6 Bxf6 31. Qxf8+ 1-0

[Event "Titled Tuesday intern op 25th Apr Early"]
[Site "Chess.com INT"]
[Date "2023.04.25"]
[Round "10"]
[White "Petrova, Irina"]
[Black "Bekkedahl, Zachary"]
[Result "1/2-1/2"]
[WhiteElo "2108"]
[BlackElo "1969"]
[PlyCount "174"]
[EventDate "2023.04.25"]
[EventType "swiss (blitz)"]
[EventRounds "11"]
[EventCountry "USA"]
[SourceTitle "EXT 2024"]
[Source "ChessBase"]
[SourceDate "2023.10.10"]
[SourceVersion "1"]
[SourceVersionDate "2023.10.10"]
[SourceQuality "1"]

1. e4 c5 2. Nf3 g6 3. c3 Bg7 4. d4 cxd4 5. cxd4 d5 6. e5 Bg4 7. Nc3 e6 8. Bb5+ Nd7 9. 0-0 Ne7 10. h3 Bxf3 11. Qxf3 0-0 12. Bg5 h6 13. Be3 a6 14. Bd3 Kh7 15. h4 f5 16. exf6 Nxf6 17. h5 Ne4 18. hxg6+ Nxg6 19. Qg4 Qh4 20. Qxh4 Nxh4 21. Nxe4 dxe4 22. Bxe4+ Kh8 23. Rac1 Rac8 24. g3 Nf5 25. Bxb7 Rb8 26. Bxa6 Rxb2 27. Bc4 Bxd4 28. Bxd4+ Nxd4 29. Rfd1 Ne2+ 30. Bxe2 Rxe2 31. Rf1 Rxa2 32. Rc6 Rf6 33. Kg2 Kg7 34. Rc7+ Kg6 35. Rc3 e5 36. Rf3 Rxf3 37. Kxf3 Kf5 38. Re1 Ra3+ 39. Kg2 h5 40. Rh1 Kg5 41. Rh4 Ra5 42. Re4 Kf5 43. Re3 e4 44. Rb3 Ra2 45. Rb5+ Kg4 46. Re5 Re2 47. Kf1 Rb2 48. Rxe4+ Kf5 49. Rf4+ Kg5 50. Kg2 Rb3 51. Rd4 Rb2 52. Rd5+ Kg6 53. Kf3 Rb3+ 54. Ke2 Rb2+ 55. Ke3 Rb3+ 56. Rd3 Rb4 57. f4 Rb1 58. Kf3 Rf1+ 59. Ke4 Re1+ 60. Re3 Rg1 61. Kf3 Rf1+ 62. Kg2 Ra1 63. Kh3 Rh1+ 64. Kg2 Ra1 65. Re5 Ra2+ 66. Kh3 Ra1 67. Rg5+ Kh6 68. Kg2 Ra2+ 69. Kf3 Ra3+ 70. Kf2 Ra2+ 71. Ke3 Ra3+ 72. Ke2 Ra2+ 73. Kf3 Ra3+ 74. Kg2 Ra2+ 75. Kh3 Ra1 76. Rb5 Rh1+ 77. Kg2 Ra1 78. Rb6+ Kg7 79. Rc6 Rb1 80. Kh3 Rh1+ 81. Kg2 Rb1 82. f5 Rb5 83. Rg6+ Kh7 84. Rg5 Kh6 85. Rg6+ Kh7 86. Rf6 Kg7 87. Rg6+ Kh7 1/2-1/2

[Event "Colorado-ch Reserve"]
[Site "Lone Tree"]
[Date "2019.04.??"]
[Round "1"]
[White "McConnell, Sullivan Mac"]
[Black "Bekkedahl, Zachary"]
[Result "0-1"]
[WhiteElo "1834"]
[BlackElo "1969"]
[PlyCount "72"]
[EventDate "2019.04.05"]
[EventType "tourn"]
[EventRounds "5"]
[EventCountry "USA"]
[SourceTitle "EXT 2020"]
[Source "ChessBase"]
[SourceDate "2019.10.17"]
[SourceVersion "1"]
[SourceVersionDate "2019.10.17"]
[SourceQuality "1"]

1. e4 c5 2. Nc3 e6 3. f4 a6 4. Nf3 b5 5. d3 Bb7 6. Qe2 Be7 7. Bd2 d5 8. e5 h5 9. g3 Nh6 10. Bg2 b4 11. Nd1 Nc6 12. Ne3 Nd4 13. Nxd4 cxd4 14. Nc4 Nf5 15. a3 Rb8 16. Nd6+ Bxd6 17. exd6 bxa3 18. bxa3 Qxd6 19. 0-0 Qc7 20. Ra2 Bc6 21. Qe1 0-0 22. Bf3 Ba4 23. Rf2 Rfc8 24. Ba5 Qc6 25. Bxh5 Ne3 26. Bd2 Bxc2 27. Bxe3 Rb1 28. Bc1 Bxd3 29. Kg2 Rxc1 30. Qe5 Be4+ 31. Kh3 d3 32. Rad2 Qc3 33. Qd6 Rc2 34. Qxa6 Rxd2 35. Rxd2 g6 36. Bg4 Qh8+ 0-1

[Event "Colorado Springs Pikes Peak op"]
[Site "Colorado Springs"]
[Date "2017.10.15"]
[Round "3"]
[White "Bekkedahl, Zachary"]
[Black "Herman, Sara"]
[Result "1-0"]
[WhiteElo "2139"]
[BlackElo "1945"]
[PlyCount "71"]
[EventDate "2017.10.15"]
[EventType "swiss"]
[EventRounds "5"]
[EventCountry "USA"]
[SourceTitle "EXT 2019"]
[Source "ChessBase"]
[SourceDate "2018.10.10"]
[SourceVersion "1"]
[SourceVersionDate "2018.10.10"]
[SourceQuality "1"]

1. e4 c5 2. Nf3 d6 3. Bb5+ Nd7 4. c3 Ngf6 5. d3 a6 6. Ba4 g6 7. Bb3 e6 8. 0-0 Bg7 9. Re1 0-0 10. Bg5 Qc7 11. d4 b5 12. Nbd2 Bb7 13. Rc1 e5 14. d5 c4 15. Bc2 a5 16. Nf1 Nc5 17. Qd2 Nh5 18. g4 Qd7 19. gxh5 Qg4+ 20. Ng3 Qxf3 21. h3 Bf6 22. Bh6 Bg7 23. Bxg7 Kxg7 24. Nf5+ Kf6 25. Nxd6 Qxh3 26. Re3 Qxh5 27. Rg3 Ra6 28. Bd1 Qh4 29. Rg4 Qxg4+ 30. Bxg4 Rxd6 31. Qh6 Rh8 32. f4 Nd3 33. Rf1 Nxf4 34. Rxf4+ exf4 35. Qxf4+ Ke7 36. Qe5+ 1-0

[Event "Colorado Springs Pikes Peak op"]
[Site "Colorado Springs"]
[Date "2017.10.15"]
[Round "4"]
[White "Herman, Daniel"]
[Black "Bekkedahl, Zachary"]
[Result "0-1"]
[WhiteElo "2057"]
[BlackElo "2139"]
[PlyCount "84"]
[EventDate "2017.10.15"]
[EventType "swiss"]
[EventRounds "5"]
[EventCountry "USA"]
[SourceTitle "EXT 2019"]
[Source "ChessBase"]
[SourceDate "2018.10.10"]
[SourceVersion "1"]
[SourceVersionDate "2018.10.10"]
[SourceQuality "1"]

1. e4 c5 2. Nf3 g6 3. d4 cxd4 4. Qxd4 Nf6 5. Nc3 Nc6 6. Qa4 d6 7. e5 dxe5 8. Nxe5 Bg7 9. Bb5 0-0 10. Nxc6 bxc6 11. Bxc6 Bd7 12. 0-0 Bxc6 13. Qxc6 Qb8 14. Nd5 Nxd5 15. Qxd5 Bxb2 16. Rb1 Qe5 17. Qxe5 Bxe5 18. Rb7 Bd6 19. Bb2 Rfb8 20. Rxb8+ Rxb8 21. Bd4 Rc8 22. Bxa7 Rxc2 23. Bd4 Rxa2 24. Ra1 Rxa1+ 25. Bxa1 e5 26. g4 f5 27. gxf5 gxf5 28. Kg2 Kf7 29. Bb2 Ke6 30. f3 Kd5 31. h3 Kc4 32. Kf2 Kd3 33. Bc1 Bc5+ 34. Kf1 Be3 35. Ba3 Bd2 36. Bd6 Bc3 37. Be7 Ke3 38. Kg2 Ke2 39. Bf6 f4 40. Bd8 e4 41. Bb6 exf3+ 42. Kg1 Bd2 0-1

[Event "Pacific Southwest op"]
[Site "Irvine"]
[Date "2016.07.04"]
[Round "6"]
[White "Yurenok, Sergey"]
[Black "Bekkedahl, Zachary"]
[Result "1-0"]
[WhiteElo "2109"]
[BlackElo "2029"]
[PlyCount "121"]
[EventDate "2016.07.02"]
[EventType "swiss"]
[EventRounds "6"]
[EventCountry "USA"]
[SourceTitle "CBM 173 Extra"]
[Source "ChessBase"]
[SourceDate "2016.08.29"]
[SourceVersion "1"]
[SourceVersionDate "2016.08.29"]
[SourceQuality "1"]

1. d4 Nf6 2. Nf3 g6 3. Bg5 Bg7 4. Nbd2 0-0 5. c3 d6 6. e4 Qe8 7. h3 e5 8. dxe5 dxe5 9. Bc4 Nc6 10. 0-0 Be6 11. Bxe6 Qxe6 12. Qb3 Qxb3 13. axb3 h6 14. Be3 Rfd8 15. b4 a6 16. Ne1 Rac8 17. f3 Nh5 18. Nb3 Nb8 19. Kf2 b6 20. g3 Rd7 21. Nc2 Rcd8 22. Rg1 f5 23. g4 Nf4 24. Bxf4 exf4 25. gxf5 Rd2+ 26. Nxd2 Rxd2+ 27. Kf1 Rxc2 28. Rxg6 Nd7 29. Rg2 Rxg2 30. Kxg2 Ne5 31. Rxa6 Nc4 32. Ra2 Kf7 33. Kf2 Ke7 34. Ke2 Kd6 35. b3 Ne3 36. Rd2+ Ke7 37. Kd3 Be5 38. Ra2 Kf6 39. Ra8 Nd1 40. Re8 Bd6 41. Re6+ Kg7 42. e5 Bf8 43. Rc6 Nf2+ 44. Ke2 Nxh3 45. Rxc7+ Kg8 46. e6 Bd6 47. Rc6 Be7 48. Rxb6 Kg7 49. Rb7 Kf6 50. c4 Ng5 51. c5 Bd8 52. Rd7 Kxf5 53. e7 Bxe7 54. Rxe7 Ne6 55. Rxe6 Kxe6 56. b5 Kd5 57. b4 h5 58. b6 Kc6 59. b5+ Kb7 60. Kf2 Kb8 61. Kg2 1-0

[Event "Pacific Southwest op"]
[Site "Irvine"]
[Date "2016.07.02"]
[Round "1"]
[White "Peters, Jack"]
[Black "Bekkedahl, Zachary"]
[Result "1-0"]
[WhiteElo "2342"]
[BlackElo "2029"]
[PlyCount "79"]
[EventDate "2016.07.02"]
[EventType "swiss"]
[EventRounds "6"]
[EventCountry "USA"]
[SourceTitle "CBM 173 Extra"]
[Source "ChessBase"]
[SourceDate "2016.08.29"]
[SourceVersion "1"]
[SourceVersionDate "2016.08.29"]
[SourceQuality "1"]

1. e4 c5 2. Nf3 g6 3. d4 cxd4 4. Nxd4 Nc6 5. c4 Nf6 6. Nc3 d6 7. Nc2 Bg7 8. Be2 0-0 9. 0-0 a5 10. Bg5 Be6 11. Qd2 Nd7 12. Na3 a4 13. Rac1 Qa5 14. Rfd1 Rfe8 15. Nd5 Bxd5 16. cxd5 Nd4 17. Bf1 Nc5 18. Qxa5 Rxa5 19. Be3 e5 20. Nc4 Ra6 21. Nxd6 Rxd6 22. Rxc5 Rb6 23. Rd2 a3 24. b3 h5 25. Rd1 Ra8 26. Rdc1 Kh7 27. Rc7 f5 28. f4 Rxb3 29. Bxd4 exd4 30. axb3 fxe4 31. Ra1 d3 32. Kf2 Kh6 33. Rxg7 Kxg7 34. Ke3 a2 35. Kxe4 d2 36. Be2 Ra3 37. Bd1 Kf6 38. Kd3 Ra5 39. Kxd2 Rxd5+ 40. Kc3 1-0

[Event "Greenwood Village Colorado op"]
[Site "Greenwood"]
[Date "2014.08.??"]
[Round "?"]
[White "Bekkedahl, Zachary"]
[Black "Schlagenhauf, Mark"]
[Result "1-0"]
[WhiteElo "2224"]
[BlackElo "2000"]
[PlyCount "57"]
[EventDate "2014.08.30"]
[EventType "tourn"]
[EventRounds "5"]
[EventCountry "USA"]
[SourceTitle "EXT 2020"]
[Source "ChessBase"]
[SourceDate "2019.10.17"]
[SourceVersion "1"]
[SourceVersionDate "2019.10.17"]
[SourceQuality "1"]

1. e4 g6 2. d4 Bg7 3. Nc3 d6 4. Nf3 a6 5. a4 Bg4 6. Bc4 Nc6 7. Bxf7+ Kf8 8. Bd5 Nf6 9. Ng5 Qc8 10. f3 Bd7 11. Bb3 h6 12. Nf7 Rh7 13. e5 dxe5 14. Nxe5 Rb8 15. Nxg6+ Ke8 16. 0-0 b5 17. axb5 axb5 18. Re1 Bf5 19. Ne5 Qb7 20. Bf7+ Kf8 21. Bg6 Bxg6 22. Nxg6+ Kf7 23. Ne5+ Kf8 24. Qd3 Qb6 25. Be3 Kg8 26. Qf5 Nxd4 27. Qg6 Rf8 28. Ra8 Nxf3+ 29. Nxf3 1-0

[Event "Pacific Coast op 18th"]
[Site "Agoura Hills"]
[Date "2013.07.21"]
[Round "6.7"]
[White "Chiang, Jonathan"]
[Black "Bekkedahl, Zachary"]
[Result "1/2-1/2"]
[WhiteElo "2330"]
[BlackElo "2172"]
[PlyCount "50"]
[EventDate "2013.07.18"]
[EventType "swiss"]
[EventRounds "6"]
[EventCountry "USA"]
[SourceTitle "EXT 2024"]
[Source "ChessBase"]
[SourceDate "2023.10.10"]
[SourceVersion "1"]
[SourceVersionDate "2023.10.10"]
[SourceQuality "1"]

1. e4 c5 2. Nf3 g6 3. d4 cxd4 4. Nxd4 Nc6 5. Nc3 Bg7 6. Be3 Nf6 7. Bc4 0-0 8. Bb3 a5 9. 0-0 a4 10. Nxa4 Nxe4 11. Nb5 Qa5 12. c4 d6 13. Qc2 Nc5 14. Nxc5 dxc5 15. Bxc5 Bf5 16. Qe2 Rfd8 17. Rad1 Rxd1 18. Rxd1 Rd8 19. Rxd8+ Qxd8 20. h3 Qb8 21. Qe3 Bxb2 22. Bxe7 Nxe7 23. Qxe7 Be6 24. Nd6 Bg7 25. Ne8 Bf8 1/2-1/2

[Event "Pacific Coast op 18th"]
[Site "Agoura Hills"]
[Date "2013.07.20"]
[Round "3.7"]
[White "Bekkedahl, Zachary"]
[Black "Cordona, Liulia"]
[Result "1-0"]
[WhiteElo "2172"]
[BlackElo "2227"]
[PlyCount "137"]
[EventDate "2013.07.18"]
[EventType "swiss"]
[EventRounds "6"]
[EventCountry "USA"]
[SourceTitle "EXT 2024"]
[Source "ChessBase"]
[SourceDate "2023.10.10"]
[SourceVersion "1"]
[SourceVersionDate "2023.10.10"]
[SourceQuality "1"]

1. e4 c5 2. Nc3 e6 3. f4 Nc6 4. Nf3 d5 5. Bb5 d4 6. Bxc6+ bxc6 7. Ne2 d3 8. cxd3 Qxd3 9. Qa4 Qb5 10. Nc3 Qxa4 11. Nxa4 Ba6 12. Nc3 Bd6 13. e5 Be7 14. Nd1 c4 15. Ne3 Bc5 16. b3 cxb3 17. axb3 Bd3 18. Ba3 Bxa3 19. Rxa3 Ne7 20. Kf2 0-0 21. Rha1 a6 22. Nc4 Rab8 23. Ke3 Bc2 24. Nd4 Nd5+ 25. Kf3 Nb4 26. Rc1 Bd3 27. Na5 Rb6 28. Naxc6 Nd5 29. b4 Bg6 30. Ra4 Re8 31. Rca1 Bd3 32. R1a3 Bb5 33. Nxb5 Rxb5 34. Ra5 Rxa5 35. Rxa5 Nc7 36. Ke4 f6 37. Kd4 fxe5+ 38. Kxe5 Kf7 39. Kd6 Nb5+ 40. Kd7 Ra8 41. g4 Kf6 42. g5+ Kg6 43. Kxe6 Re8+ 44. Ne7+ Kh5 45. Kd7 Rf8 46. f5 Kxg5 47. Rxa6 Rb8 48. Nc6 Rb7+ 49. Kd8 Kxf5 50. Kc8 Nd6+ 51. Kd8 Nf7+ 52. Ke8 Nd6+ 53. Kf8 g5 54. Ne7+ Ke5 55. d4+ Kxd4 56. Rxd6+ Ke4 57. Re6+ Kf3 58. Nd5 h5 59. Re5 Kg4 60. b5 h4 61. b6 Kh3 62. Re2 Kg4 63. Ke8 Kf3 64. Re3+ Kf2 65. Rb3 g4 66. Nf6 g3 67. Ne4+ Kg2 68. Rb2+ Kf3 69. Nxg3 1-0

[Event "Pacific Coast op 18th"]
[Site "Agoura Hills"]
[Date "2013.07.20"]
[Round "4.7"]
[White "Griffith, Kyron"]
[Black "Bekkedahl, Zachary"]
[Result "0-1"]
[WhiteElo "2405"]
[BlackElo "2195"]
[PlyCount "70"]
[EventDate "2013.07.18"]
[EventType "swiss"]
[EventRounds "6"]
[EventCountry "USA"]
[SourceTitle "EXT 2024"]
[Source "ChessBase"]
[SourceDate "2023.10.10"]
[SourceVersion "1"]
[SourceVersionDate "2023.10.10"]
[SourceQuality "1"]

1. e4 c5 2. Nf3 g6 3. c3 Bg7 4. d4 cxd4 5. cxd4 d5 6. exd5 Nf6 7. Bc4 0-0 8. 0-0 Nxd5 9. Nc3 Be6 10. Bb3 Nc6 11. Re1 Rc8 12. Rxe6 fxe6 13. Ng5 Nxd4 14. Nxe6 Nxe6 15. Bxd5 Kh8 16. Be3 Nc5 17. Bd4 e5 18. Be3 b6 19. Qd2 Qe7 20. Re1 Rfd8 21. Qe2 Na4 22. Nxa4 Rxd5 23. Nc3 Rd7 24. Qg4 Qf7 25. Qa4 Rc4 26. Qb5 Qe6 27. f3 Qc6 28. Qb3 Rd3 29. Qa3 Qd7 30. Bf2 h6 31. Qa6 Rc8 32. Be3 Bf8 33. Ne4 Rc2 34. Nf6 Rxe3 35. Rxe3 Qd2 0-1

[Event "Manitou Springse ch-Colorado"]
[Site "Manitou"]
[Date "2013.04.??"]
[Round "?"]
[White "Canney, Randy"]
[Black "Bekkedahl, Zachary"]
[Result "1/2-1/2"]
[WhiteElo "2238"]
[BlackElo "2165"]
[PlyCount "46"]
[EventDate "2013.04.19"]
[EventType "tourn"]
[EventRounds "5"]
[EventCountry "USA"]
[SourceTitle "EXT 2020"]
[Source "ChessBase"]
[SourceDate "2019.10.17"]
[SourceVersion "1"]
[SourceVersionDate "2019.10.17"]
[SourceQuality "1"]

1. Nf3 Nf6 2. d4 g6 3. Nc3 Bg7 4. e4 d6 5. Be2 0-0 6. 0-0 a6 7. Bg5 b5 8. e5 Nfd7 9. a4 dxe5 10. Nxe5 Nxe5 11. dxe5 Bxe5 12. Bf3 c6 13. axb5 Qc7 14. h3 Bb7 15. Re1 Rd8 16. Qe2 f6 17. Bh6 cxb5 18. Nxb5 axb5 19. Rxa8 Bxa8 20. Bxa8 Nc6 21. Bxc6 Qxc6 22. c3 Qd5 23. Be3 Kf7 1/2-1/2